[Event "FIDE World Rapid Team"]
[Site "London ENG"]
[Date "2025.06.13"]
[Round "11.7"]
[White "Madan, Augustin"]
[Black "Rusu, Lucas"]
[Result "1-0"]
[WhiteElo "2203"]
[BlackElo "2130"]
[EventDate "2025.06.11"]
[Board "2"]

1. d4 Nf6 2. c4 e6 3. Nc3 Bb4 4. Qc2 d5 5. e3 O-O 6. Nf3 c5 7. a3 Bxc3+ 8.
bxc3 dxc4 9. Bxc4 Qc7 10. Bd3 Nbd7 11. e4 cxd4 12. cxd4 Qxc2 13. Bxc2 b6
14. Bd3 Bb7 15. Nd2 Rfd8 16. Ke2 Rac8 17. Bb2 Kf8 18. f3 h6 19. Rhc1 Ke7
20. a4 Rxc1 21. Rxc1 Rc8 22. Ba3+ Kd8 23. Nc4 Ne8 24. g4 Bc6 25. Nb2 f5 26.
gxf5 exf5 27. d5 Bb7 28. Rxc8+ Bxc8 29. Ke3 fxe4 30. fxe4 Ne5 31. Be2 Nf6
32. Bd6 Ng6 33. Kd4 Bg4 34. Bd3 Nh4 35. Bg3 Nf3+ 36. Ke3 Bh5 37. Nc4 Nxh2
38. Bb8 Nfg4+ 39. Kd4 Nf3+ 40. Kc3 Bg6 41. Bxa7 h5 42. Bxb6+ Kc8 43. a5 h4
44. a6 Nfe5 45. Nd6+ Kb8 46. a7+ Ka8 47. Ba6 1-0

[Event "FIDE World Rapid Team"]
[Site "London ENG"]
[Date "2025.06.13"]
[Round "11.7"]
[White "Badescu, Matei-Andrei"]
[Black "Bansal, Rohan"]
[Result "0-1"]
[WhiteElo "1961"]
[BlackElo "1956"]
[EventDate "2025.06.11"]
[Board "3"]

1. e4 e6 2. d4 d5 3. e5 c5 4. c3 Qb6 5. Nf3 Bd7 6. Be2 Bb5 7. dxc5 Bxc5 8.
b4 Bxe2 9. Qxe2 Bf8 10. Be3 Qa6 11. Qd1 Nd7 12. Kd2 Ne7 13. Qe2 Qa4 14. Qd1
Qc6 15. Re1 Ng6 16. Bd4 Be7 17. g3 f6 18. exf6 gxf6 19. Ke2 e5 20. Be3 Qc4+
21. Kd2 d4 22. Bh6 dxc3+ 23. Nxc3 Bxb4 24. Qb3 Qxb3 25. axb3 Kf7 26. Re4 a5
27. Rc4 Rac8 28. Kd3 Nc5+ 29. Kc2 Bxc3 30. Rxc3 Ne4 31. Rxc8 Rxc8+ 32. Kb2
Nxf2 33. Rxa5 Ng4 34. Bd2 e4 35. Ne1 Nxh2 36. Bc3 Ng4 37. Rb5 Rc7 38. Rb4
Re7 39. Rb6 N4e5 40. Kc2 Rc7 41. Kd2 e3+ 42. Kc2 h5 43. Kb2 Re7 44. Nf3 e2
45. Ne1 Rd7 46. Kc2 f5 47. Rb5 Re7 48. Kd2 f4 49. gxf4 Ng4 50. Rxh5 Rd7+
51. Kc1 Rd1+ 52. Kb2 Ne3 53. Rh2 Nxf4 54. Rf2 Nd5 55. Ba5 Ke6 56. Kc2 Ra1
57. Bd2 Ra2+ 58. Kc1 Ke5 59. b4 Ke4 60. b5 Ra1+ 61. Kc2 Ra2+ 62. Kc1 Nd3+
63. Nxd3 Kxd3 64. Rf3+ Ke4 65. Rf8 Kd3 66. Rf3+ Kc4 67. Rf7 b6 68. Be1 Kd3
69. Rf3+ Ne3 70. Kb1 Rd2 71. Bxd2 Kxd2 72. Rf2 Kd1 73. Ka1 e1=Q 74. Rb2
Qa5+ 75. Kb1 Qc3 76. Ka2 Nc2 77. Rb1+ Kd2 0-1

[Event "FIDE World Rapid Team"]
[Site "London ENG"]
[Date "2025.06.13"]
[Round "11.7"]
[White "Bansal, Saahil"]
[Black "Sava, Christiansen-Danut-Eugen"]
[Result "1-0"]
[WhiteElo "1874"]
[BlackElo "1971"]
[EventDate "2025.06.11"]
[Board "4"]

1. d4 Nf6 2. c4 g6 3. Nc3 Bg7 4. e4 d6 5. h3 O-O 6. Be3 Na6 7. Nf3 e5 8.
Be2 exd4 9. Nxd4 Re8 10. f3 Nc5 11. O-O Nh5 12. b4 Ne6 13. Nxe6 Bxe6 14.
Qe1 Qf6 15. Rc1 Nf4 16. Nd5 Bxd5 17. cxd5 Qg5 18. Bxf4 Qxf4 19. g3 Qe3+ 20.
Kg2 Qb6 21. a4 c6 22. Bc4 cxd5 23. Bxd5 Rac8 24. Qd2 Rcd8 25. a5 Qb5 26.
Rc7 Rf8 27. Rxb7 Qa4 28. Rc1 Qa3 29. Rcc7 Rc8 30. h4 Rxc7 31. Rxc7 Qa1 32.
Qa2 Qd1 1-0

[Event "FIDE World Rapid Team"]
[Site "London ENG"]
[Date "2025.06.13"]
[Round "11.7"]
[White "Badescu, Eliza-Ioana"]
[Black "Bharat Kumar, Balahari"]
[Result "1/2-1/2"]
[WhiteElo "1789"]
[BlackElo "1790"]
[EventDate "2025.06.11"]
[Board "5"]

1. e4 c5 2. c3 d5 3. exd5 Qxd5 4. d4 Nf6 5. Nf3 Bg4 6. dxc5 Qxc5 7. Be3 Qc7
8. h3 Bd7 9. Bd3 e6 10. O-O Be7 11. Qd2 Nc6 12. Rd1 O-O 13. Bf4 e5 14. Bh2
Rfe8 15. Bb5 Rad8 16. Qe2 Bd6 17. Nbd2 a6 18. Bxc6 Bxc6 19. a4 b5 20. axb5
axb5 21. c4 e4 22. Bxd6 Rxd6 23. Ne1 Rde6 24. cxb5 e3 25. bxc6 exd2 26.
Qxd2 Re2 27. Qd4 Qxc6 28. Nd3 h6 29. Rac1 Qa6 30. Qc4 Qa5 31. b4 Qf5 32.
Qf4 Qe6 33. Rb1 Nd5 34. Qd4 Qf5 35. b5 R8e4 36. Qc5 Qe6 37. Nb4 Re1+ 38.
Rxe1 Rxe1+ 39. Rxe1 Qxe1+ 40. Kh2 Nxb4 41. b6 Qe4 42. Qc8+ Kh7 43. b7 Qe5+
44. g3 Na6 45. Qc2+ g6 46. Qc4 Qf6 47. Kg1 Nb8 48. Qc8 Qd6 49. Qe8 Kg7 50.
Qc8 h5 51. h4 Qd1+ 52. Kh2 Qd6 53. Kg1 Qe5 54. Kh2 Na6 55. Qa8 Nb8 56. Kg1
Qc7 57. Kh2 f6 58. Qa7 Qd6 59. Qa8 g5 60. hxg5 fxg5 61. Qa1+ Qf6 62. Qa7
Qe5 63. Kg1 Kh7 64. Qa2 Qe1+ 65. Kh2 Qe7 66. Qc2+ Kg7 67. Qc3+ Kh7 68. Qf3
Kh6 69. Qc3 Qxb7 70. Qh8+ Kg6 71. Qg8+ Kf6 72. Qf8+ Ke5 73. Qe8+ Kd6 74.
Qxh5 Qd5 75. Qg6+ Kc7 76. Qg7+ Nd7 77. Qc3+ Qc5 78. Qf3 Ne5 79. Qf5 g4 80.
Qh7+ Kb6 81. Qh6+ Kb5 82. Qf6 Qd4 83. Qf5 Kc6 84. Qf6+ Kc5 85. Qe7+ Kc4 86.
Qe6+ Kd3 87. Qb3+ Ke4 88. Qb7+ Kf5 89. Qh7+ Kf6 90. Qh8+ Ke6 91. Qg8+ Kd6
92. Qd8+ Nd7 93. Kg1 Qd1+ 94. Kg2 Qf3+ 95. Kg1 Qf6 96. Qa8 Ne5 97. Qa6+ Ke7
98. Qa3+ Kf7 99. Qb3+ Qe6 100. Qb7+ Kf6 101. Qb2 Qd6 102. Qc1 Qd3 103. Qf4+
Qf5 104. Qh6+ Ke7 105. Qg7+ Ke6 106. Qg8+ Qf7 107. Qc8+ Kf6 108. Qh8+ Kf5
109. Qc8+ Qe6 110. Qf8+ Nf7 111. Qc5+ Qe5 112. Qc2+ Kg5 113. Qd2+ Kh5 114.
Qd7 Ng5 115. Qc6 Nh3+ 116. Kg2 Ng5 117. Kg1 Qe1+ 118. Kg2 Nf3 119. Qh6+
1/2-1/2

[Event "FIDE World Rapid Team"]
[Site "London ENG"]
[Date "2025.06.13"]
[Round "11.7"]
[White "Ding, Yihua"]
[Black "Platschek, Luca"]
[Result "0-1"]
[WhiteElo "1536"]
[BlackElo "1827"]
[EventDate "2025.06.11"]
[Board "6"]

1. d4 b5 2. Bf4 Bb7 3. e3 a6 4. Nf3 Nf6 5. h3 e6 6. Bd3 c5 7. Nbd2 Be7 8.
O-O d5 9. dxc5 Bxc5 10. Nb3 Be7 11. Bh2 Nbd7 12. Nbd4 O-O 13. Ne5 Rc8 14.
Qd2 Nxe5 15. Bxe5 Bd6 16. Bxd6 Qxd6 17. Rac1 Rfd8 18. Rfd1 e5 19. Nb3 Qb6
20. c3 h6 21. Be2 a5 22. Qe1 a4 23. Nd2 b4 24. Nf3 bxc3 25. bxc3 Qe6 26. a3
Ne4 27. c4 dxc4 28. Rxd8+ Rxd8 29. Bxc4 Bd5 30. Rd1 Rd7 31. Bxd5 Rxd5 32.
Rxd5 Qxd5 33. Qb4 Qd1+ 34. Qe1 Qb3 35. Qc1 Nc3 36. Kh2 Nb5 37. Nxe5 Nxa3
38. Qc8+ Kh7 39. Qf5+ g6 40. Qxf7+ Qxf7 41. Nxf7 Nc4 42. Nd8 a3 0-1

[Event "FIDE World Rapid Team"]
[Site "London ENG"]
[Date "2025.06.13"]
[Round "11.8"]
[White "Kawuma, Patrick"]
[Black "Grahn, Vidar"]
[Result "0-1"]
[WhiteElo "2218"]
[BlackElo "2201"]
[EventDate "2025.06.11"]
[Board "1"]

1. c4 e6 2. Nf3 d5 3. d4 Nf6 4. g3 dxc4 5. Bg2 Bd7 6. O-O Bc6 7. a4 a6 8.
Ne5 Bxg2 9. Kxg2 Nc6 10. Nxc6 Qd5+ 11. Kg1 Qxc6 12. Bg5 Ne4 13. Qc1 Nxg5
14. Qxg5 Rd8 15. e3 h6 16. Qg4 h5 17. Qe2 h4 18. Nd2 b5 19. Rac1 h3 20. Nf3
Qe4 21. Rfd1 Bb4 22. axb5 axb5 23. b3 g5 24. Ne1 g4 25. Qc2 Qb7 26. Kf1 Rh5
27. bxc4 Qh1+ 28. Ke2 Rf5 29. Nd3 Qf3+ 30. Kf1 Bd6 31. Nf4 Bxf4 32. exf4
bxc4 33. Qxc4 c5 34. Qa4+ 0-1

[Event "FIDE World Rapid Team"]
[Site "London ENG"]
[Date "2025.06.13"]
[Round "11.8"]
[White "Strom-Engdahl, Alexander"]
[Black "Gurevich, Artjom"]
[Result "0-1"]
[WhiteElo "2113"]
[BlackElo "2137"]
[EventDate "2025.06.11"]
[Board "2"]

1. Nf3 d5 2. e3 c5 3. b3 Nf6 4. Bb2 a6 5. d4 cxd4 6. exd4 Nc6 7. Bd3 Bg4 8.
O-O e6 9. a3 Bd6 10. Nbd2 O-O 11. c4 dxc4 12. bxc4 Rc8 13. Re1 Bb8 14. Qb3
Na5 15. Qa4 Nc6 16. Rab1 Ba7 17. d5 exd5 18. Bxf6 Qxf6 19. cxd5 Bxf3 20.
Nxf3 Nd4 21. Be4 b5 22. Qd1 Rfe8 23. Qd3 g6 24. Nxd4 Bxd4 25. Qf3 Qd6 26.
Rbd1 Bg7 27. Re3 h6 28. Rde1 Red8 29. h4 h5 30. Bb1 Qf6 31. Qe4 Rd6 32. g3
Rcd8 33. Rd1 Qb2 34. Rf3 a5 35. Qe7 R6d7 36. Qc5 Qe2 37. Rfd3 Rb8 38. R3d2
Qc4 39. Qe3 b4 40. axb4 axb4 41. Rc2 Qg4 42. Qe2 Qxe2 43. Rxe2 b3 44. Kg2
b2 45. Rc2 Rbd8 46. Rc5 Rd6 47. Rb5 Rc8 48. Re1 Rc1 49. Re8+ Kh7 50. Be4
Ra6 51. Reb8 Ra4 52. Bf3 Raa1 53. Be4 Re1 54. Bd3 Rad1 55. Bc2 Rd2 56. Ba4
Ree2 57. Kf3 Rxf2+ 58. Ke3 Bd4+ 59. Ke4 f5# 0-1

[Event "FIDE World Rapid Team"]
[Site "London ENG"]
[Date "2025.06.13"]
[Round "11.8"]
[White "Andiwoh, Moses"]
[Black "Frank, Anton"]
[Result "1/2-1/2"]
[WhiteElo "1831"]
[BlackElo "2110"]
[EventDate "2025.06.11"]
[Board "3"]

1. e4 Nf6 2. e5 Nd5 3. Nc3 e6 4. Nxd5 exd5 5. d4 d6 6. Nf3 c5 7. Bb5+ Nc6
8. O-O a6 9. Bxc6+ bxc6 10. exd6 Bxd6 11. Re1+ Be6 12. Ng5 O-O 13. Qh5 Bf5
14. dxc5 Bg6 15. Qg4 Bxc5 16. c3 Rb8 17. b3 Qf6 18. Qf3 Rbe8 19. Bd2 Qd8
20. Nh3 Rxe1+ 21. Rxe1 Re8 22. Be3 Bd6 23. Qd1 Qc7 24. Bf4 f6 25. Rxe8+
Bxe8 26. Bxd6 Qxd6 27. Qe2 Bd7 28. Qe3 c5 29. Nf4 d4 30. Qd2 Bc6 31. Ne2
Qd5 32. f3 d3 33. c4 Qd7 34. Nc1 Qd4+ 35. Kf1 Qa1 36. Kf2 Qd4+ 37. Kg3 Qe5+
38. f4 Qf5 39. Qxd3 Be4 40. Qd8+ Kf7 41. Qc7+ Kg6 42. Ne2 h5 43. Kf2 h4 44.
Qd6 Qg4 45. g3 Qf3+ 46. Ke1 Qh1+ 47. Kd2 Qxh2 48. gxh4 Qxh4 49. Qxc5 Qh2
50. Qe3 Bb1 51. a3 Kh7 52. c5 Qh1 53. Kc3 Qe1+ 54. Qd2 Qf2 55. Nd4 Qg3+ 56.
Kb2 Be4 57. c6 Qg4 58. b4 Qc8 59. Qc3 g5 60. fxg5 fxg5 61. a4 g4 62. b5
axb5 63. axb5 Qc7 64. Qc5 g3 65. Qh5+ Kg8 66. Qg4+ Qg7 67. Qxe4 g2 68. c7
g1=Q 69. c8=Q+ Qf8 70. Qee6+ Kh7 71. Qxf8 Qb1+ 1/2-1/2

[Event "FIDE World Rapid Team"]
[Site "London ENG"]
[Date "2025.06.13"]
[Round "11.8"]
[White "Nilsson, Oliver"]
[Black "Mutisya, Jully"]
[Result "0-1"]
[WhiteElo "2043"]
[BlackElo "1712"]
[EventDate "2025.06.11"]
[Board "4"]

1. e4 d6 2. d4 Nf6 3. Nc3 g6 4. Bg5 Bg7 5. e5 Nfd7 6. exd6 cxd6 7. Qd2 Nc6
8. Nf3 h6 9. Be3 Nf6 10. h3 Qa5 11. O-O-O Bd7 12. Kb1 Rc8 13. a3 a6 14. d5
Nb8 15. Bd4 b5 16. Be2 b4 17. Na2 O-O 18. Nxb4 Ne4 19. Qe3 Nc5 20. Bxg7
Kxg7 21. h4 Qc7 22. h5 g5 23. Nd4 f5 24. f4 a5 25. Nd3 Ne4 26. fxg5 hxg5
27. h6+ Kh7 28. g4 Qb6 29. Ka1 Rc4 30. Nf2 Rxc2 31. Nxc2 Qxe3 32. Nxe3 Nxf2
33. Nxf5 Bxf5 34. gxf5 Nxd1 35. Bxd1 Rf6 36. Bc2 Nd7 37. Rh5 g4 38. Rg5 Ne5
39. Rg7+ Kxh6 40. Rxe7 g3 41. Be4 Kg5 42. Rg7+ Kf4 43. Bc2 Ng4 44. Be4 Kxe4
45. Rxg4+ Kf3 46. Rc4 g2 47. Rc3+ Kf2 48. Rc2+ Kg3 49. Rc3+ Kh2 50. Rc2 Kh1
51. Rc1+ g1=Q 52. Rxg1+ Kxg1 53. b4 a4 54. Kb2 Rxf5 55. Kc3 Rxd5 56. Kc4
Rd1 57. b5 d5+ 58. Kb4 d4 59. Kxa4 d3 60. Kb3 Rc1 0-1

[Event "FIDE World Rapid Team"]
[Site "London ENG"]
[Date "2025.06.13"]
[Round "11.8"]
[White "Kabugu, Njagi"]
[Black "Ostensson, Julia"]
[Result "0-1"]
[WhiteElo "1695"]
[BlackElo "1966"]
[EventDate "2025.06.11"]
[Board "5"]

1. d4 Nf6 2. e3 d5 3. c4 e6 4. Nf3 Be7 5. Nc3 O-O 6. Be2 Nbd7 7. O-O dxc4
8. Bxc4 c5 9. Bd2 cxd4 10. Nxd4 Nb6 11. Bb3 e5 12. Nf3 Bg4 13. h3 Bxf3 14.
gxf3 Qd7 15. Kg2 Rfd8 16. Be1 Qf5 17. Qe2 Nh5 18. Ne4 Nd5 19. Bd2 Ndf4+ 20.
exf4 Rxd2 21. Bxf7+ Qxf7 22. Qxd2 Nxf4+ 23. Kh2 Qf5 24. Qxf4 Qxf4+ 25. Ng3
Qxf3 26. Rad1 Bh4 27. Rc1 Rf8 28. Rc2 Bxg3+ 0-1

[Event "FIDE World Rapid Team"]
[Site "London ENG"]
[Date "2025.06.13"]
[Round "11.8"]
[White "Letoret, Tim"]
[Black "Kuka, Kyle"]
[Result "1-0"]
[WhiteElo "1794"]
[BlackElo "1496"]
[EventDate "2025.06.11"]
[Board "6"]

1. e4 c6 2. d4 d5 3. e5 c5 4. dxc5 Nc6 5. Nf3 Bg4 6. c3 e6 7. Be3 Bxf3 8.
Qxf3 Nxe5 9. Bb5+ Nc6 10. c4 Nf6 11. Nc3 Be7 12. Rd1 O-O 13. O-O Qa5 14.
cxd5 exd5 15. Rfe1 a6 16. Bf1 d4 17. Bxd4 Nxd4 18. Rxd4 Bxc5 19. Rf4 Bd6
20. Rxf6 gxf6 21. Qxf6 Rfd8 22. Re3 Qh5 23. Rh3 Qg6 24. Qf3 Kf8 25. Bd3 Qe6
26. Rxh7 Be5 27. g3 Qf6 28. Qe2 Bxc3 29. bxc3 1-0

[Event "FIDE World Rapid Team"]
[Site "London ENG"]
[Date "2025.06.13"]
[Round "12.1"]
[White "Erigaisi, Arjun"]
[Black "Mcshane, Luke J"]
[Result "1-0"]
[WhiteElo "2708"]
[BlackElo "2702"]
[EventDate "2025.06.11"]
[Board "1"]

1. d4 Nf6 2. c4 e6 3. Nc3 Bb4 4. g3 O-O 5. Bg2 Nc6 6. e4 e5 7. dxe5 Nxe5 8.
Ne2 d6 9. O-O a5 10. b3 Bc5 11. h3 Re8 12. Kh1 c6 13. f4 Ng6 14. Qd3 Rb8
15. Nd4 Ne7 16. Bb2 Bd7 17. Rad1 Qc7 18. g4 Rbd8 19. g5 Nh5 20. Qf3 g6 21.
f5 Rf8 22. Nce2 d5 23. cxd5 Bd6 24. f6 Nc8 25. Ne6 Qb8 26. Nxd8 Rxd8 27. e5
Bxe5 28. Bxe5 Qxe5 29. dxc6 bxc6 30. Nf4 Qxg5 31. Nxh5 gxh5 32. Qxc6 Qxg2+
33. Qxg2+ 1-0

[Event "FIDE World Rapid Team"]
[Site "London ENG"]
[Date "2025.06.13"]
[Round "12.1"]
[White "Vitiugov, Nikita"]
[Black "Anton Guijarro, David"]
[Result "1/2-1/2"]
[WhiteElo "2590"]
[BlackElo "2625"]
[EventDate "2025.06.11"]
[Board "2"]

1. e4 c6 2. d4 d5 3. f3 g6 4. Nc3 Bg7 5. Be3 Qb6 6. Qd2 Qxb2 7. Rb1 Qa3 8.
h4 h5 9. exd5 Nf6 10. Bc4 O-O 11. Nge2 Nbd7 12. dxc6 bxc6 13. O-O Nb6 14.
Bd3 Ba6 15. Rfe1 Bxd3 16. Qxd3 Rfd8 17. Bg5 Rd7 18. Red1 Qa5 19. Nc1 Nbd5
20. N3e2 Rdd8 21. Nb3 Qc7 22. Nc5 Nd7 23. Ne4 N7f6 24. Nc5 Nd7 25. Ne4 N7f6
26. Nc5 Nd7 1/2-1/2

[Event "FIDE World Rapid Team"]
[Site "London ENG"]
[Date "2025.06.13"]
[Round "12.1"]
[White "Mendonca, Leon Luke"]
[Black "Adams, Michael"]
[Result "1/2-1/2"]
[WhiteElo "2477"]
[BlackElo "2628"]
[EventDate "2025.06.11"]
[Board "3"]

1. d4 Nf6 2. c4 e6 3. Nc3 Bb4 4. e3 O-O 5. Bd3 d5 6. a3 Bxc3+ 7. bxc3 dxc4
8. Bxc4 c5 9. Ne2 Qc7 10. Ba2 Nc6 11. O-O b6 12. Ng3 Ba6 13. Re1 Rfd8 14.
Rb1 Rac8 15. Rb2 h6 16. Rd2 Nd5 17. Bb2 Na5 18. e4 Nf4 19. Qf3 Ng6 20. Nh5
Qe7 21. Re3 Bc4 22. Bb1 Bb5 23. Ba2 Bc4 24. Bb1 Bb5 25. Ba2 Bc4 1/2-1/2

[Event "FIDE World Rapid Team"]
[Site "London ENG"]
[Date "2025.06.13"]
[Round "12.1"]
[White "Saric, Ivan"]
[Black "Pranav, V"]
[Result "0-1"]
[WhiteElo "2597"]
[BlackElo "2537"]
[EventDate "2025.06.11"]
[Board "4"]

1. e4 e5 2. Nf3 Nc6 3. Bb5 a6 4. Ba4 Nge7 5. Nc3 d6 6. Bb3 Na5 7. d4 Nxb3
8. axb3 Ng6 9. h4 h5 10. Bg5 f6 11. Be3 Bg4 12. Qd3 Be7 13. Ne2 Kf7 14. Ng3
Qd7 15. Nd2 exd4 16. Qxd4 c5 17. Qc4+ Be6 18. Qe2 d5 19. exd5 Qxd5 20.
O-O-O Qc6 21. f4 f5 22. Nf3 a5 23. Ng5+ Bxg5 24. fxg5 a4 25. Rhf1 axb3 26.
Nxf5 Ra1+ 27. Kd2 Rxd1+ 28. Kxd1 Rd8+ 29. Ke1 Kg8 30. cxb3 Qe4 31. Ng3 Qxh4
32. Bf2 Nf4 33. Qe4 Nxg2+ 34. Qxg2 Qb4+ 35. Ke2 Bg4+ 36. Ke3 Qd4# 0-1

[Event "FIDE World Rapid Team"]
[Site "London ENG"]
[Date "2025.06.13"]
[Round "12.1"]
[White "Tsolakidou, Stavroula"]
[Black "Bulmaga, Irina"]
[Result "1/2-1/2"]
[WhiteElo "2394"]
[BlackElo "2372"]
[EventDate "2025.06.11"]
[Board "5"]

1. e4 e5 2. Nf3 Nc6 3. d4 exd4 4. Nxd4 Nf6 5. Nxc6 bxc6 6. Nd2 d5 7. exd5
cxd5 8. Bb5+ Bd7 9. Bxd7+ Qxd7 10. O-O Be7 11. b3 O-O 12. Bb2 Ng4 13. Nf3
Bf6 14. Bxf6 Nxf6 15. Qd4 Qd6 16. Rfe1 1/2-1/2

[Event "FIDE World Rapid Team"]
[Site "London ENG"]
[Date "2025.06.13"]
[Round "12.1"]
[White "Omarov, Murat"]
[Black "Atharvaa, P Tayade"]
[Result "1-0"]
[WhiteElo "1918"]
[BlackElo "1952"]
[EventDate "2025.06.11"]
[Board "6"]

1. e4 c5 2. Nf3 d6 3. d4 cxd4 4. Nxd4 Nf6 5. f3 Nc6 6. c4 g6 7. Nc3 Bg7 8.
Be3 O-O 9. Qd2 Bd7 10. Be2 Rc8 11. Rc1 Nh5 12. Nxc6 bxc6 13. c5 dxc5 14.
Bxc5 Qc7 15. Be3 Be5 16. g3 Be6 17. Nb5 Qb7 18. Nxa7 Ra8 19. Nxc6 Bxb2 20.
Rc2 Bg7 21. O-O Kh8 22. e5 Rxa2 23. Rxa2 Bxa2 24. Na5 Qd5 25. Qxd5 Bxd5 26.
g4 Ra8 27. Nc4 Ra2 28. Rd1 e6 29. Rd2 Rxd2 30. Bxd2 Bxc4 31. Bxc4 Bxe5 32.
gxh5 gxh5 33. Bh6 Kg8 34. Kg2 Bf6 35. h3 Bh4 36. Kf1 Bg3 37. Ke2 Bd6 38.
Ke3 Bg3 39. f4 Be1 40. Ke4 Bc3 41. Be2 f5+ 42. Kd3 Ba1 43. Bxh5 e5 44. Ke3
Bb2 45. Kd2 exf4 46. Bxf4 Kg7 47. Kc2 Ba1 48. Kd3 Kf6 49. Bh6 Be5 50. Ke3
Bb2 51. Kf3 Bc3 52. Be8 Ke7 53. Ba4 Kf7 54. Be3 Kf6 55. Kg3 Be1+ 56. Kf4
Bh4 57. Bd4+ Kg6 58. Be8+ Kh6 59. Kxf5 Bf6 60. Bf2 Kg7 61. h4 Kh6 62. Bb5
Bd8 63. Be2 Ba5 64. Be3+ Kg7 65. Bd4+ Kh6 66. Bf6 Bc3 67. Bg5+ Kg7 68. h5
h6 69. Be7 Kf7 70. Bc5 Bd2 71. Bc4+ Kg7 72. Bd4+ Kh7 73. Kf6 1-0

[Event "FIDE World Rapid Team"]
[Site "London ENG"]
[Date "2025.06.13"]
[Round "12.2"]
[White "Nihal, Sarin"]
[Black "Aronian, Levon"]
[Result "0-1"]
[WhiteElo "2676"]
[BlackElo "2746"]
[EventDate "2025.06.11"]
[Board "1"]

1. Nf3 Nf6 2. g3 c5 3. Bg2 Nc6 4. O-O e5 5. d3 d5 6. Bg5 Be7 7. a4 O-O 8.
Nc3 d4 9. Bxf6 Bxf6 10. Ne4 Be7 11. c3 Be6 12. a5 a6 13. Qa4 Rc8 14. Rfc1
f5 15. Ned2 Kh8 16. cxd4 exd4 17. Nc4 Nb4 18. Nb6 Rc7 19. Qd1 Bf6 20. Nd2
Qe7 21. Na4 Bg5 22. h4 Bf6 23. Bf3 g5 24. hxg5 Bxg5 25. Kg2 Rg8 26. Kf1 Nd5
27. Bxd5 Bxd5 28. Nb6 Bc6 29. Rc4 Qd6 30. Nf3 Be3 31. Qe1 Rcg7 32. fxe3
Rxg3 33. Qf2 Qh6 34. Nh2 dxe3 0-1

[Event "FIDE World Rapid Team"]
[Site "London ENG"]
[Date "2025.06.13"]
[Round "12.2"]
[White "Dominguez Perez, Leinier"]
[Black "Gledura, Benjamin"]
[Result "0-1"]
[WhiteElo "2708"]
[BlackElo "2575"]
[EventDate "2025.06.11"]
[Board "2"]

1. e4 e5 2. Nf3 Nc6 3. Bc4 Nf6 4. d3 Be7 5. O-O O-O 6. Re1 d6 7. a4 a5 8.
c3 Kh8 9. Qb3 Qe8 10. h3 Nh5 11. Be3 f5 12. exf5 Bxf5 13. Nbd2 Qg6 14. Kh1
Bc8 15. d4 e4 16. Nh2 Bh4 17. Re2 Ne7 18. g4 Nf4 19. Bxf4 Rxf4 20. f3 c6
21. Rxe4 Rf8 22. Bd3 Qh6 23. f4 Bg3 24. Rxe7 Qxh3 25. Re2 Bxg4 26. Rg2 Bxh2
27. Rxh2 Qxd3 28. Rf1 Rae8 29. c4 Qxd4 30. Qg3 Re2 31. Nf3 Bxf3+ 32. Qxf3
Rxh2+ 33. Kxh2 Qxb2+ 34. Kg3 Qd4 0-1

[Event "FIDE World Rapid Team"]
[Site "London ENG"]
[Date "2025.06.13"]
[Round "12.2"]
[White "Volokitin, Andrei"]
[Black "Giri, Anish"]
[Result "0-1"]
[WhiteElo "2568"]
[BlackElo "2688"]
[EventDate "2025.06.11"]
[Board "3"]

1. e4 c5 2. Nf3 Nc6 3. Bb5 e6 4. O-O Nge7 5. d4 cxd4 6. Nxd4 Ng6 7. Be2 Be7
8. c4 O-O 9. Nc3 b6 10. Be3 Bb7 11. Ndb5 Qb8 12. Qxd7 Rd8 13. Qc7 Qxc7 14.
Nxc7 Rac8 15. N7b5 a6 16. Na3 Nd4 17. Rfd1 Nxe2+ 18. Nxe2 Rxd1+ 19. Rxd1
Bxa3 20. bxa3 Ne5 21. f3 Nxc4 22. Kf2 Bc6 23. Rc1 Bd7 24. Rc3 e5 25. Rb3 b5
26. a4 bxa4 27. Rb7 Be6 28. Ra7 Nxe3 29. Kxe3 Bxa2 30. Rxa6 Bb3 31. Nc1
Rc3+ 32. Kf2 h5 33. Nxb3 axb3 34. Kg3 b2 35. Ra8+ Kh7 36. Rb8 Rc2 37. h4 g6
38. Kh3 Kg7 39. g4 Kf6 40. Kg3 Ke6 41. g5 Kd6 42. f4 Kc5 43. fxe5 Kd4 44.
Kf4 Rf2+ 45. Kg3 Re2 46. Kf3 Re3+ 47. Kf2 Rh3 48. Kg2 Rxh4 49. Rxb2 Rxe4
50. Rf2 Rxe5 51. Rxf7 Rxg5+ 52. Kh3 Ke5 53. Ra7 Kf6 0-1

[Event "FIDE World Rapid Team"]
[Site "London ENG"]
[Date "2025.06.13"]
[Round "12.2"]
[White "Vidit, Santosh Gujrathi"]
[Black "Moiseenko, Alexander"]
[Result "1-0"]
[WhiteElo "2650"]
[BlackElo "2533"]
[EventDate "2025.06.11"]
[Board "4"]

1. d4 Nf6 2. c4 e6 3. Nf3 d5 4. g3 Bb4+ 5. Bd2 Bd6 6. Qc2 c6 7. Nc3 Nbd7 8.
e4 Nxe4 9. Nxe4 dxe4 10. Qxe4 c5 11. dxc5 Nxc5 12. Qe3 O-O 13. b4 Nd7 14.
Bg2 a5 15. b5 e5 16. O-O Qe7 17. Bc3 f6 18. Rad1 Nc5 19. Nh4 Be6 20. Bd5
Kh8 21. Bxe6 Qxe6 22. Rd5 b6 23. f4 Na4 24. fxe5 fxe5 25. Nf3 Nxc3 26. Qxc3
e4 27. Ng5 Rxf1+ 28. Kxf1 Rf8+ 29. Kg2 Qe7 30. Qe3 Qf6 31. Qe2 Bc5 32. Nxe4
Qe6 33. Qd3 Qf7 34. Nxc5 Qf2+ 35. Kh3 bxc5 36. Rd8 h5 37. b6 Rxd8 38. Qxd8+
Kh7 39. Qd3+ g6 40. b7 Qb2 41. Qe4 Qf2 42. b8=Q Qf1+ 43. Qg2 Qf5+ 44. g4
Qd3+ 45. Kh4 g5+ 46. Kxg5 Qg6+ 47. Kf4 Qf6+ 48. Kg3 h4+ 49. Kh3 Qc3+ 50.
Kxh4 Qe1+ 51. Kh5 1-0

[Event "FIDE World Rapid Team"]
[Site "London ENG"]
[Date "2025.06.13"]
[Round "12.2"]
[White "Osmak, Yuliia"]
[Black "Divya, Deshmukh"]
[Result "1/2-1/2"]
[WhiteElo "2343"]
[BlackElo "2386"]
[EventDate "2025.06.11"]
[Board "5"]

1. e4 e5 2. Nf3 Nc6 3. Nc3 Nf6 4. Bb5 Bd6 5. a3 O-O 6. O-O h6 7. Re1 Re8 8.
h3 Nd4 9. Bf1 c6 10. d3 Bc7 11. Be3 Nxf3+ 12. Qxf3 d5 13. Ne2 Be6 14. Ng3
Nh7 15. Nf5 Qf6 16. Be2 Kh8 17. Ng3 Qxf3 18. Bxf3 Nf6 19. Rad1 a5 20. a4
Rad8 21. b3 Rd7 1/2-1/2